01389nam a2200241Ia 4500001001100000003001000011008004100021040002500062041001300087100003100100245002200131250001100153260009200164300001200256500026000268501011400528520026000642650002800902942000700930957000600937999004200943952016200985L371-24355IT-CnALBA170116s9999||||xx |||||||||||||| ||und|| aIT-CnALBAcIT-CnALBA aITALIANO aSEMPIO ROSSI ERMINIA, CAV. 0aSTORIE DI MAMME.  a4a ed. aCINISELLO BALSAMO (MI)bEDIZIONI PAOLINEc1974 [1° Ed.:1972 - Ed.Ling.Originale: 1972] a170 p.  aFESTA DELLA MAMMA. TESTIMONIANZE DI VITA. MAMMA CORAGGIOSA, PER VOCAZIONE. RINUNZIA. PRODIGIO DELL'AMORE. MAMMA, INFATICABILE, EMIGRATI, DEDIZIONE, SANTA, CARCERATI, MALATINI, DIFFICILE COMPITO. SAGGIA. BENEDETTA. LA MAMMA DEL VILLAGGIO. DISEGNI ILLUSTRAT aSocietà San Paolo EM - Piazza San Paolo, 14 - 12051 ALBA (CN) (non commercial uses only) ® Copyright 2017 aFESTA DELLA MAMMA. TESTIMONIANZE DI VITA. MAMMA CORAGGIOSA, PER VOCAZIONE. RINUNZIA. PRODIGIO DELL'AMORE. MAMMA, INFATICABILE, EMIGRATI, DEDIZIONE, SANTA, CARCERATI, MALATINI, DIFFICILE COMPITO. SAGGIA. BENEDETTA. LA MAMMA DEL VILLAGGIO. DISEGNI ILLUSTRAT aISTRUZIONE - EDUCAZIONE cBK 71 a29121bNOg Copie: 1 c283459d283459 0010406L_3712435571aALBAbALBAd2017-01-16l0oL371-24355r2017-01-16 00:00:00w2017-01-16yBKz(data import: 16 gennaio 2017) - By Epidotti, Vaglietti.